[Event "7. Open Galapagar 2006"]
[Site "Galapagar ESP"]
[Date "2006.07.26"]
[Round "5.1"]
[White "Fernandez Garcia, Miguel Angel"]
[Black "Barria Zuñiga, Daniel"]
[Result "1/2-1/2"]
[WhiteElo "2317"]
[BlackElo "2420"]
[PlyCount "95"]
[EventDate "2006.07.22"]
[EventType "swiss"]
[EventRounds "9"]
[EventCountry "ESP"]
[Source "lmi"]
[SourceDate "2006.07.30"]

1. d4 Nf6 2. c4 e6 3. Nf3 b6 4. a3 Bb7 5. Nc3 d5 6. Qc2 Be7 7. Bg5 h6 8. Bh4
O-O 9. e3 c5 10. cxd5 Nxd5 11. Bxe7 Qxe7 12. Nxd5 Bxd5 13. e4 Bb7 14. dxc5 Rc8
15. Bd3 Nd7 16. O-O Nxc5 17. Qe2 Rd8 18. Bc2 Ba6 19. Qe3 Bxf1 20. Rxf1 a5 21.
e5 a4 22. h4 Qd7 23. h5 Qb5 24. Rb1 Qc4 25. Rc1 Qg4 26. g3 Rd5 27. Kg2 Rad8 28.
Rh1 Qc4 29. Rc1 Nd3 30. Bxd3 Qxd3 31. Qxb6 Rb5 32. Qa6 Rxb2 33. Qxa4 Rb3 34.
Qf4 Rxa3 35. Re1 Qd5 36. Re4 Rf8 37. Re3 Rxe3 38. Qxe3 f6 39. exf6 Rxf6 40. g4
e5 41. Kg3 Rf4 42. Nh4 Qe6 43. f3 Rf6 44. Qe4 Rf4 45. Qa8+ Rf8 46. Qe4 Rf4 47.
Qa8+ Rf8 48. Qe4 1/2-1/2

[Event "7. Open Galapagar 2006"]
[Site "Galapagar ESP"]
[Date "2006.07.26"]
[Round "5.2"]
[White "Roa Alonso, Santiago"]
[Black "De La Fuente Gonzalez, Francisco"]
[Result "1/2-1/2"]
[WhiteElo "2418"]
[BlackElo "2217"]
[PlyCount "90"]
[EventDate "2006.07.22"]
[EventType "swiss"]
[EventRounds "9"]
[EventCountry "ESP"]
[Source "lmi"]
[SourceDate "2006.07.30"]

1. e4 g6 2. d4 Bg7 3. Nc3 c5 4. d5 d6 5. Bb5+ Bd7 6. a4 Nf6 7. Nf3 O-O 8. h3 a6
9. Bc4 Qa5 10. Bd2 Qc7 11. O-O e5 12. dxe6 Bxe6 13. Qe2 Nc6 14. Bxe6 fxe6 15.
Qc4 Rae8 16. e5 d5 17. Qxc5 Nd7 18. Qd6 Bxe5 19. Qxc7 Bxc7 20. Bh6 Rf5 21. Rae1
Nde5 22. Ng5 Bb6 23. g4 Rxg5 24. Bxg5 Nf3+ 25. Kg2 Nxe1+ 26. Rxe1 Ba5 27. Re2
Bxc3 28. bxc3 Kf7 29. Re3 Na5 30. Rf3+ Kg8 31. Bh6 Nc4 32. Rf4 a5 33. h4 Nd6
34. Rd4 Rc8 35. Bf4 Nf7 36. Bd2 Nd6 37. Bf4 Ne4 38. c4 Rxc4 39. Rxc4 dxc4 40.
Bc7 Nc3 41. Bxa5 Nxa4 42. Kf3 Nc5 43. Ke3 Nd7 44. Kd2 b5 45. Kc3 Ne5 1/2-1/2

[Event "7. Open Galapagar 2006"]
[Site "Galapagar ESP"]
[Date "2006.07.26"]
[Round "5.3"]
[White "Arribas Lopez, Angel"]
[Black "Garcia Fernandez, Carlos"]
[Result "0-1"]
[WhiteElo "2183"]
[BlackElo "2358"]
[PlyCount "64"]
[EventDate "2006.07.22"]
[EventType "swiss"]
[EventRounds "9"]
[EventCountry "ESP"]
[Source "lmi"]
[SourceDate "2006.07.30"]

1. e4 d6 2. d4 Nf6 3. Nc3 e5 4. Nf3 Nbd7 5. g4 Nxg4 6. Rg1 Ngf6 7. Bc4 h6 8.
Be3 c6 9. dxe5 dxe5 10. Qd3 Qa5 11. O-O-O b5 12. Bb3 Ba6 13. Nb1 c5 14. c4 b4
15. Qc2 O-O-O 16. Nbd2 Bb7 17. Nh4 Bc6 18. f3 Nh5 19. Nf1 g6 20. Ng2 Be7 21.
Bd2 Nf8 22. Nfe3 Ne6 23. Nd5 Bg5 24. Bxg5 hxg5 25. Nge3 Nd4 26. Qf2 Nf4 27.
Nxf4 gxf4 28. Nd5 Rh3 29. Rd3 Rdh8 30. Ne7+ Kb7 31. Rg2 Qd8 32. Nxc6 Kxc6 0-1

[Event "7. Open Galapagar 2006"]
[Site "Galapagar ESP"]
[Date "2006.07.26"]
[Round "5.4"]
[White "Aguirre, Simon"]
[Black "Martin Rueda, Daniel"]
[Result "1-0"]
[WhiteElo "2250"]
[BlackElo "2293"]
[PlyCount "127"]
[EventDate "2006.07.22"]
[EventType "swiss"]
[EventRounds "9"]
[EventCountry "ESP"]
[Source "lmi"]
[SourceDate "2006.07.30"]

1. Nf3 d5 2. g3 Bg4 3. Bg2 Nd7 4. c4 dxc4 5. Na3 c6 6. Nxc4 g6 7. Qb3 Be6 8.
Ng5 Bd5 9. e4 Bxc4 10. Qxc4 Ne5 11. Qc3 Bg7 12. d4 Ng4 13. e5 N4h6 14. Be3 e6
15. Ne4 Nf5 16. O-O Nge7 17. g4 Nd5 18. Qa3 Bf8 19. Qb3 Nfxe3 20. fxe3 Qb6 21.
Qd3 Be7 22. Rf3 Qxb2 23. Rb1 Qa3 24. Qxa3 Bxa3 25. Rxb7 O-O 26. Nd6 Bxd6 27.
exd6 g5 28. e4 Nf4 29. Kf2 e5 30. dxe5 Rfe8 31. Ra3 a5 32. d7 Red8 33. Rc3 c5
34. Bf1 Kf8 35. Rxc5 Ke7 36. Rc8 Ng6 37. Rxa8 Rxa8 38. d8=Q+ Kxd8 39. Rxf7 Rb8
40. e6 Rb2+ 41. Ke3 Rxa2 42. Rd7+ Ke8 43. Rxh7 Rb2 44. Rg7 Rb3+ 45. Kd4 Rb4+
46. Kc5 Ne7 47. Bc4 Rb7 48. Bb5+ Kd8 49. Rxg5 Rc7+ 50. Kd6 Nc8+ 51. Ke5 Rc5+
52. Kf6 Rxg5 53. Kxg5 Nd6 54. Bc6 Ke7 55. Bd5 a4 56. h4 a3 57. Kf4 Nb5 58. h5
Nc7 59. Bc4 Nxe6+ 60. Kf5 Nd4+ 61. Kg6 Ne6 62. h6 Nf8+ 63. Kg7 Ne6+ 64. Kg8 1-0

[Event "7. Open Galapagar 2006"]
[Site "Galapagar ESP"]
[Date "2006.07.26"]
[Round "5.5"]
[White "Perez Gonzalez, Jose Manuel"]
[Black "Labarta Gonzalez, Ivan B"]
[Result "1/2-1/2"]
[WhiteElo "2281"]
[BlackElo "2113"]
[PlyCount "51"]
[EventDate "2006.07.22"]
[EventType "swiss"]
[EventRounds "9"]
[EventCountry "ESP"]
[Source "lmi"]
[SourceDate "2006.07.30"]

1. e4 c5 2. Nf3 Nc6 3. d4 cxd4 4. Nxd4 Nf6 5. Nc3 e6 6. Ndb5 Bb4 7. a3 Bxc3+ 8.
Nxc3 d5 9. Bd3 O-O 10. O-O d4 11. Ne2 e5 12. h3 Be6 13. Ng3 Nd7 14. f4 exf4 15.
Bxf4 Nde5 16. Bxe5 Nxe5 17. Qh5 f6 18. Rad1 Rc8 19. Rf2 Qb6 20. b3 Rc3 21. Nf5
Bxb3 22. cxb3 Rxd3 23. Rxd3 Nxd3 24. Ne7+ Kh8 25. Ng6+ Kg8 26. Ne7+ 1/2-1/2

[Event "7. Open Galapagar 2006"]
[Site "Galapagar ESP"]
[Date "2006.07.26"]
[Round "5.6"]
[White "Solaesa Navalpotro, Luis Julio"]
[Black "Semprun Martinez, Fernando"]
[Result "1-0"]
[WhiteElo "2334"]
[BlackElo "2166"]
[PlyCount "111"]
[EventDate "2006.07.22"]
[EventType "swiss"]
[EventRounds "9"]
[EventCountry "ESP"]
[Source "lmi"]
[SourceDate "2006.07.30"]

1. d4 Nf6 2. c4 g6 3. Nc3 d5 4. cxd5 Nxd5 5. Bd2 Bg7 6. e4 Nb6 7. Be3 O-O 8.
Be2 Nc6 9. d5 Ne5 10. Bd4 c6 11. f4 Ned7 12. Bxg7 Kxg7 13. Qd4+ Kg8 14. dxc6
bxc6 15. e5 c5 16. Qd2 Bb7 17. Nf3 Qc7 18. Rd1 c4 19. O-O Nc5 20. f5 Bxf3 21.
Bxf3 Rad8 22. Qe3 Rd3 23. Rxd3 Nxd3 24. e6 Qc5 25. exf7+ Rxf7 26. Qxc5 Nxc5 27.
fxg6 hxg6 28. Rd1 Nd3 29. Rd2 Kg7 30. Be2 Ne5 31. Rd4 Rf8 32. Re4 Kf6 33. Rf4+
Kg7 34. Rxf8 Kxf8 35. Kf2 Kf7 36. Ke3 Ke6 37. Kd4 a6 38. Kc5 Ned7+ 39. Kc6 Ke5
40. a4 a5 41. Kb5 Kd4 42. Kxa5 Kc5 43. Ne4+ Kd4 44. Bf3 Nc5 45. Kxb6 Nxa4+ 46.
Kc7 Nxb2 47. Kd7 e5 48. Ke6 Nd3 49. Kf6 c3 50. Nxc3 Kxc3 51. Be4 Nf2 52. Kxe5
Ng4+ 53. Kf4 Nxh2 54. Bxg6 Kd4 55. Be8 Kd5 56. Bb5 1-0

[Event "7. Open Galapagar 2006"]
[Site "Galapagar ESP"]
[Date "2006.07.26"]
[Round "5.7"]
[White "Adan Bermudez, Sergio"]
[Black "Cruz Condori, Alfredo"]
[Result "1/2-1/2"]
[WhiteElo "1907"]
[BlackElo "2153"]
[PlyCount "80"]
[EventDate "2006.07.22"]
[EventType "swiss"]
[EventRounds "9"]
[EventCountry "ESP"]
[Source "lmi"]
[SourceDate "2006.07.30"]

1. c4 e5 2. Nc3 Nf6 3. g3 g6 4. Bg2 Bg7 5. Nf3 d6 6. O-O O-O 7. d3 h6 8. Ne1 c6
9. Rb1 d5 10. cxd5 cxd5 11. Qb3 Nc6 12. Nxd5 Nxd5 13. Qxd5 Qe7 14. Be3 Rd8 15.
Qc5 Qf6 16. Qc1 Kh7 17. Nf3 Be6 18. Ng5+ Kg8 19. Nxe6 Qxe6 20. Bxc6 Rac8 21.
Bxh6 Rxc6 22. Qd2 Bxh6 23. Qxh6 Rc2 24. Qe3 Qxa2 25. Qxe5 Qa4 26. e3 Rxd3 27.
Qb8+ Kg7 28. Qxb7 Rdd2 29. Ra1 Qe8 30. Rxa7 Rxb2 31. Qe7 Qxe7 32. Rxe7 Kf6 33.
Re4 Kg7 34. h4 Ra2 35. Rf4 Re2 36. Rb1 f5 37. Rb7+ Kh6 38. h5 Kxh5 39. Rb6 Kg5
40. Rc6 Ra1+ 1/2-1/2

[Event "7. Open Galapagar 2006"]
[Site "Galapagar ESP"]
[Date "2006.07.26"]
[Round "5.8"]
[White "Fayos Mestre, Jose Maria"]
[Black "Cabañas Bravo, Juan Andres"]
[Result "0-1"]
[WhiteElo "2089"]
[BlackElo "2064"]
[PlyCount "82"]
[EventDate "2006.07.22"]
[EventType "swiss"]
[EventRounds "9"]
[EventCountry "ESP"]
[Source "lmi"]
[SourceDate "2006.07.30"]

1. d4 Nf6 2. c4 g6 3. Nc3 d5 4. Bf4 Bg7 5. Rc1 O-O 6. e3 c5 7. dxc5 Qa5 8. cxd5
Rd8 9. Bc4 Be6 10. b4 Qxb4 11. Qb3 Qxb3 12. Bxb3 Bf5 13. f3 Na6 14. e4 Nxc5 15.
Bc4 Bd7 16. Be3 Rdc8 17. Nge2 a6 18. e5 Ne8 19. Bxc5 Rxc5 20. Ne4 Rcc8 21. f4
b5 22. Bb3 Rxc1+ 23. Nxc1 a5 24. Nd3 a4 25. Bc2 Nc7 26. Ndc5 Bf5 27. d6 exd6
28. exd6 Nd5 29. Kd2 Nxf4 30. Rb1 Ne6 31. Rxb5 Nd4 32. Rb4 Nxc2 33. Kxc2 Rc8
34. Kd2 a3 35. Ra4 Be5 36. d7 Rd8 37. Ra7 Bb8 38. Rb7 Bxh2 39. g3 Kf8 40. Nd6
Bxg3 41. Nc8 Bf2 0-1

[Event "7. Open Galapagar 2006"]
[Site "Galapagar ESP"]
[Date "2006.07.26"]
[Round "5.9"]
[White "Pau Plana, Albert"]
[Black "Davicce Canada, Juan A"]
[Result "1-0"]
[WhiteElo "2070"]
[BlackElo "2056"]
[PlyCount "101"]
[EventDate "2006.07.22"]
[EventType "swiss"]
[EventRounds "9"]
[EventCountry "ESP"]
[Source "lmi"]
[SourceDate "2006.07.30"]

1. d4 Nf6 2. Nf3 g6 3. Bf4 Bg7 4. e3 O-O 5. Be2 d5 6. c3 c5 7. O-O Nc6 8. dxc5
Ne4 9. b4 Nxb4 10. cxb4 Bxa1 11. Bh6 Bg7 12. Bxg7 Kxg7 13. Qd4+ Kg8 14. Nc3
Nxc3 15. Qxc3 Bg4 16. Rd1 e6 17. h3 Bxf3 18. Bxf3 Qc7 19. e4 dxe4 20. Bxe4 Rfd8
21. Rb1 Rab8 22. a4 Qf4 23. Bf3 Qd4 24. Qe1 Qf4 25. b5 Qxa4 26. c6 bxc6 27.
bxc6 Rxb1 28. Qxb1 Rc8 29. g3 Qa5 30. h4 h5 31. Qb7 Qc7 32. Qb5 e5 33. Bd5 Rb8
34. Qd3 Kh7 35. g4 Qb6 36. Qf3 Rf8 37. gxh5 Qb1+ 38. Kh2 Qf5 39. hxg6+ Qxg6 40.
h5 Qg7 41. Qf5+ Kh6 42. c7 Rg8 43. c8=Q Qg1+ 44. Kh3 Qf1+ 45. Kh2 Qg1+ 46. Kh3
Qf1+ 47. Kh4 Rxc8 48. Qf6+ Kh7 49. Qxf7+ Kh8 50. Qf6+ Kh7 51. Qg6+ 1-0

[Event "7. Open Galapagar 2006"]
[Site "Galapagar ESP"]
[Date "2006.07.26"]
[Round "5.10"]
[White "Pascual Palomo, Lucia"]
[Black "Sanchez Garcia, Manuel"]
[Result "1-0"]
[WhiteElo "2067"]
[BlackElo "2028"]
[PlyCount "59"]
[EventDate "2006.07.22"]
[EventType "swiss"]
[EventRounds "9"]
[EventCountry "ESP"]
[Source "lmi"]
[SourceDate "2006.07.30"]

1. e4 g6 2. d4 Bg7 3. Nc3 d6 4. Be3 c6 5. Qd2 b5 6. f3 h5 7. f4 a5 8. Nf3 Nf6
9. Bd3 Ng4 10. Bg1 e5 11. dxe5 dxe5 12. h3 b4 13. Na4 Nf6 14. Nxe5 O-O 15. Nb6
Bb7 16. Nxa8 Bxa8 17. Bc5 Re8 18. O-O-O Qc7 19. Rhe1 Nbd7 20. Bd4 Nxe5 21. Bxe5
Qb6 22. Bxf6 Bxf6 23. e5 Bh4 24. Qe3 c5 25. g3 Bd8 26. Bc4 Bg2 27. Rd6 Qxd6 28.
exd6 Rxe3 29. Rxe3 Bc6 30. d7 1-0

[Event "7. Open Galapagar 2006"]
[Site "Galapagar ESP"]
[Date "2006.07.26"]
[Round "5.12"]
[White "Bermejo Collado, Julian"]
[Black "Dominguez Carmona, Miguel"]
[Result "1-0"]
[WhiteElo "2342"]
[BlackElo "2047"]
[PlyCount "65"]
[EventDate "2006.07.22"]
[EventType "swiss"]
[EventRounds "9"]
[EventCountry "ESP"]
[Source "lmi"]
[SourceDate "2006.07.30"]

1. d4 Nf6 2. c4 e6 3. Nf3 c5 4. d5 exd5 5. cxd5 d6 6. Nc3 g6 7. Bf4 a6 8. a4
Bg7 9. h3 O-O 10. e3 Bf5 11. Nd2 Qe7 12. Nc4 Ne8 13. Bh2 Nd7 14. Be2 Ne5 15.
Nb6 Rd8 16. O-O Nf6 17. a5 Nfd7 18. Nba4 Nf6 19. f3 Rfe8 20. Kh1 Qc7 21. e4 Bc8
22. Nb6 g5 23. Qd2 h6 24. b4 Nfd7 25. Nca4 Nxb6 26. axb6 Qe7 27. bxc5 dxc5 28.
Rac1 f5 29. Nxc5 Qf6 30. Qa5 Rd6 31. Nd3 Qd8 32. Rc7 Rd7 33. Rfc1 1-0

[Event "7. Open Galapagar 2006"]
[Site "Galapagar ESP"]
[Date "2006.07.26"]
[Round "5.13"]
[White "Hernandez Fernandez, Enrique"]
[Black "Ballesteros Gonzalez, David"]
[Result "0-1"]
[WhiteElo "2029"]
[BlackElo "2257"]
[PlyCount "76"]
[EventDate "2006.07.22"]
[EventType "swiss"]
[EventRounds "9"]
[EventCountry "ESP"]
[Source "lmi"]
[SourceDate "2006.07.30"]

1. d4 Nf6 2. Nf3 g6 3. h3 Bg7 4. Bf4 d6 5. e3 c5 6. Be2 O-O 7. c3 Qb6 8. Na3
Be6 9. O-O a6 10. Rb1 Bxa2 11. Nc4 Bxc4 12. Bxc4 Nc6 13. Be2 a5 14. Qa4 cxd4
15. exd4 h6 16. Nd2 d5 17. Bf3 e6 18. Rfe1 Nd7 19. Nb3 Rfe8 20. Bd6 Nxd4 21.
Qxd7 Nxf3+ 22. gxf3 Qxb3 23. Be5 Bxe5 24. Rxe5 Rad8 25. Qc7 Qb5 26. Re3 a4 27.
Qe5 a3 28. c4 a2 29. Ra1 Qxc4 30. Rc3 Qh4 31. f4 Ra8 32. b3 Qh5 33. Kf1 Qxe5
34. fxe5 Rec8 35. Rxc8+ Rxc8 36. Rxa2 Rc3 37. b4 Rb3 38. Ra4 b5 0-1

[Event "7. Open Galapagar 2006"]
[Site "Galapagar ESP"]
[Date "2006.07.26"]
[Round "5.14"]
[White "Corroto Jimenez, Jose Antonio"]
[Black "Pastor Alonso de Prado, Alberto"]
[Result "0-1"]
[WhiteElo "2033"]
[BlackElo "2230"]
[PlyCount "58"]
[EventDate "2006.07.22"]
[EventType "swiss"]
[EventRounds "9"]
[EventCountry "ESP"]
[Source "lmi"]
[SourceDate "2006.07.30"]

1. e4 e5 2. Nf3 Nc6 3. d4 exd4 4. Nxd4 d6 5. Nc3 Nf6 6. Bb5 Bd7 7. O-O Be7 8.
Bxc6 bxc6 9. Qf3 O-O 10. e5 dxe5 11. Nxc6 Bxc6 12. Qxc6 Qd6 13. Qf3 Rab8 14. b3
Qe6 15. Be3 e4 16. Qe2 Qe5 17. Na4 Bd6 18. g3 Rfe8 19. Rad1 Qf5 20. Rfe1 Ng4
21. Qf1 Ne5 22. Kh1 Nf3 23. Re2 Qh5 24. h3 f5 25. Rd5 Re5 26. Rxe5 Bxe5 27.
Bxa7 Rd8 28. Kg2 Rd6 29. Re3 Qxh3+ 0-1

[Event "7. Open Galapagar 2006"]
[Site "Galapagar ESP"]
[Date "2006.07.26"]
[Round "5.15"]
[White "Perez Cameselle, Francisco Jose"]
[Black "Prada Lopez, Miguel Angel"]
[Result "0-1"]
[WhiteElo "2026"]
[BlackElo "2211"]
[PlyCount "81"]
[EventDate "2006.07.22"]
[EventType "swiss"]
[EventRounds "9"]
[EventCountry "ESP"]
[Source "lmi"]
[SourceDate "2006.07.30"]

1. Nf3 c5 2. g3 Nc6 3. Bg2 g6 4. d3 Bg7 5. O-O d6 6. e4 e5 7. c3 Nge7 8. Ne1
O-O 9. f4 f5 10. Nf3 Kh8 11. Be3 c4 12. fxe5 cxd3 13. Qxd3 fxe4 14. Qxe4 Nxe5
15. Nxe5 Rxf1+ 16. Bxf1 dxe5 17. Na3 Nc6 18. Bg2 Qe7 19. Qa4 Bd7 20. Qb5 e4 21.
Qc5 Qxc5 22. Bxc5 Bf5 23. Rd1 Ne5 24. Bd4 Nd3 25. Bxg7+ Kxg7 26. Nc2 Rc8 27.
Ne3 h5 28. Rd2 Kf6 29. h4 Ke5 30. Kf1 b5 31. a3 a5 32. Ke2 Be6 33. Nc2 Nxb2 34.
Nd4 Bg4+ 35. Kf1 Nc4 36. Ra2 Ne3+ 37. Kg1 Rxc3 38. Nxb5 Rc1+ 39. Kf2 Nd1+ 40.
Ke1 Nc3+ 41. Kd2 0-1

[Event "7. Open Galapagar 2006"]
[Site "Galapagar ESP"]
[Date "2006.07.26"]
[Round "5.16"]
[White "Gordillo Lopez, Manuel"]
[Black "Perez Pascual, Arturo"]
[Result "1-0"]
[WhiteElo "2129"]
[BlackElo "2029"]
[PlyCount "120"]
[EventDate "2006.07.22"]
[EventType "swiss"]
[EventRounds "9"]
[EventCountry "ESP"]
[Source "lmi"]
[SourceDate "2006.07.30"]

1. d4 d5 2. Bg5 c6 3. e3 Qb6 4. Qc1 Bf5 5. Nd2 e6 6. f4 Nd7 7. Ngf3 Ngf6 8. Be2
c5 9. c3 Rc8 10. Ne5 Bd6 11. Nxd7 Nxd7 12. a4 cxd4 13. exd4 h6 14. Bh4 Bxf4 15.
O-O Qc7 16. h3 g5 17. Bf2 Nf6 18. Qd1 h5 19. Kh1 Ng4 20. Bg1 Be3 21. Bxg4 Bxg1
22. Kxg1 hxg4 23. Qe2 Kd8 24. hxg4 Qh2+ 25. Kf2 Qh4+ 26. Kg1 Bxg4 27. Qe5 Rc7
28. Rae1 Kc8 29. a5 Qh6 30. Nb3 Bf5 31. Nc5 f6 32. Qg3 Rc6 33. b4 b6 34. axb6
Rxb6 35. Ra1 Rh7 36. Ra6 Rxa6 37. Nxa6 Qh5 38. Kf2 Qh4 39. Nc5 e5 40. Qxh4 Rxh4
41. Ke1 Rf4 42. Rxf4 gxf4 43. Kf2 e4 44. g3 fxg3+ 45. Kxg3 Bg6 46. Ne6 Bf5 47.
Nf4 Kd7 48. Nxd5 Ke6 49. Ne3 Bg6 50. Kf4 f5 51. c4 Bh7 52. b5 Kd7 53. c5 Bg6
54. d5 Bf7 55. Kxf5 Kc7 56. Ke5 Be8 57. d6+ Kb8 58. c6 a6 59. d7 Bxd7 60. cxd7
Kc7 1-0

[Event "7. Open Galapagar 2006"]
[Site "Galapagar ESP"]
[Date "2006.07.26"]
[Round "5.17"]
[White "Tejedo Meneses, Alvaro"]
[Black "Valbuena Mota, Alejandro"]
[Result "0-1"]
[WhiteElo "2020"]
[BlackElo "2124"]
[PlyCount "80"]
[EventDate "2006.07.22"]
[EventType "swiss"]
[EventRounds "9"]
[EventCountry "ESP"]
[Source "lmi"]
[SourceDate "2006.07.30"]

1. e4 c5 2. Nf3 d6 3. d4 cxd4 4. Nxd4 Nf6 5. Nc3 a6 6. Bg5 e6 7. f4 Nbd7 8. Bc4
Qb6 9. Bb3 Be7 10. Qd2 O-O 11. O-O-O Qc7 12. Bxe6 fxe6 13. Nxe6 Qa5 14. Nxf8
Bxf8 15. Kb1 b6 16. Rhe1 Bb7 17. h3 Re8 18. Qd4 Qc5 19. g4 h6 20. Bh4 g5 21.
fxg5 hxg5 22. Qxc5 Nxc5 23. Bxg5 Nfxe4 24. Nxe4 Nxe4 25. Bf4 d5 26. h4 Bc5 27.
Be3 Bxe3 28. Rxe3 Nd2+ 29. Rxd2 Rxe3 30. c4 dxc4 31. Rd4 b5 32. Kc2 Be4+ 33.
Kc1 Bd3 34. a3 Re1+ 35. Kd2 Re2+ 36. Kc3 a5 37. Rd8+ Kf7 38. b3 Rc2+ 39. Kd4
Be2 40. Ke3 cxb3 0-1

[Event "7. Open Galapagar 2006"]
[Site "Galapagar ESP"]
[Date "2006.07.26"]
[Round "5.18"]
[White "Cabañas Jimenez, Manuel"]
[Black "Criado De Diego, Pedro"]
[Result "1/2-1/2"]
[WhiteElo "1993"]
[BlackElo "2123"]
[PlyCount "141"]
[EventDate "2006.07.22"]
[EventType "swiss"]
[EventRounds "9"]
[EventCountry "ESP"]
[Source "lmi"]
[SourceDate "2006.07.30"]

1. e4 c5 2. Nf3 Nc6 3. d4 cxd4 4. Nxd4 g6 5. Bf4 Bg7 6. Nb5 d6 7. c3 Nf6 8. Nd2
O-O 9. Be2 a6 10. Na3 b5 11. Nc2 Bb7 12. O-O Nd7 13. Bf3 Nce5 14. Qe2 Nxf3+ 15.
Nxf3 e5 16. Bg5 Qc7 17. Rad1 Nc5 18. Nd2 f5 19. exf5 gxf5 20. Qh5 Ne6 21. Ne3
f4 22. Ng4 Rf5 23. h4 Qf7 24. Qxf7+ Kxf7 25. Nf3 Bxf3 26. gxf3 Nxg5 27. hxg5
Rxg5 28. Kh1 Rd8 29. Rd5 h5 30. Nh2 Bf6 31. Rfd1 Be7 32. Nf1 Ke6 33. a4 Rb8 34.
b4 h4 35. Nh2 bxa4 36. Ra5 Rc8 37. Rd3 Rc6 38. Rxa4 Rg8 39. Ng4 d5 40. Ra5 Rd8
41. b5 axb5 42. Rxb5 Rd7 43. Kh2 Ra6 44. c4 Rad6 45. Rbxd5 Rxd5 46. Rxd5 Rxd5
47. cxd5+ Kxd5 48. Nh6 Bc5 49. Kg2 Ke6 50. Ng4 Be7 51. Kh2 Bg5 52. Kg2 Kf5 53.
Kh3 Be7 54. Nh2 Bc5 55. Kxh4 Bxf2+ 56. Kh3 Bd4 57. Kg2 Ke6 58. Kf1 Kd5 59. Ke2
Kc4 60. Ng4 Kc3 61. Nf6 Kc2 62. Ne4 Kb3 63. Kd3 Kb4 64. Nd2 Kc5 65. Ne4+ Kd5
66. Nd2 Ke6 67. Ke2 Kf5 68. Kf1 Kg5 69. Kg2 Be3 70. Nc4 Kf6 71. Kf1 1/2-1/2

[Event "7. Open Galapagar 2006"]
[Site "Galapagar ESP"]
[Date "2006.07.26"]
[Round "5.19"]
[White "De Santiago Alba, Cristino"]
[Black "Castejon Caballero, Natalia"]
[Result "1/2-1/2"]
[WhiteElo "2104"]
[BlackElo "1995"]
[PlyCount "71"]
[EventDate "2006.07.22"]
[EventType "swiss"]
[EventRounds "9"]
[EventCountry "ESP"]
[Source "lmi"]
[SourceDate "2006.07.30"]

1. e4 c5 2. Nf3 d6 3. d4 cxd4 4. Nxd4 Nf6 5. Nc3 g6 6. Be3 Bg7 7. f3 O-O 8. Qd2
Nc6 9. O-O-O d5 10. Nxc6 bxc6 11. exd5 Nxd5 12. Bd4 e5 13. Bc5 Re8 14. Bc4 Be6
15. Ne4 Qc7 16. b3 a5 17. a4 Rad8 18. Qe1 f5 19. Ng5 Bh6 20. h4 e4 21. Kb2 Bg7+
22. Bd4 Bxd4+ 23. Rxd4 Qe5 24. c3 c5 25. Rd1 e3 26. h5 h6 27. Nxe6 Rxe6 28.
hxg6 Rxg6 29. Bxd5+ Rxd5 30. Rxd5 Qxd5 31. Qxe3 Rxg2+ 32. Ka3 Rg6 33. Rh5 Qd1
34. Qe8+ Kg7 35. Qe7+ Kg8 36. Qe8+ 1/2-1/2

[Event "7. Open Galapagar 2006"]
[Site "Galapagar ESP"]
[Date "2006.07.26"]
[Round "5.20"]
[White "Cuadrado Lopez, Francisco Javier"]
[Black "Garcia Saez, Juan Carlos"]
[Result "1-0"]
[WhiteElo "1950"]
[BlackElo "2090"]
[PlyCount "103"]
[EventDate "2006.07.22"]
[EventType "swiss"]
[EventRounds "9"]
[EventCountry "ESP"]
[Source "lmi"]
[SourceDate "2006.07.30"]

1. e4 e5 2. Nf3 Nc6 3. d4 exd4 4. Nxd4 Qf6 5. Nxc6 Bc5 6. Qd2 dxc6 7. Qf4 Be6
8. Bd3 O-O-O 9. O-O Qxf4 10. Bxf4 Bd4 11. Bc1 Nf6 12. Nd2 Rhe8 13. Nf3 Bb6 14.
Bg5 h6 15. Bxf6 gxf6 16. Rfe1 Rg8 17. a3 Bg4 18. Nh4 Bd4 19. Rab1 Rg5 20. Be2
Bxe2 21. Rxe2 Rdg8 22. c3 Bb6 23. g3 Re8 24. Rbe1 a6 25. Kg2 c5 26. Nf5 c4 27.
f4 Rg4 28. e5 fxe5 29. Rxe5 Rxe5 30. Rxe5 Kd8 31. Nxh6 Rg7 32. Rh5 c6 33. Re5
Bc7 34. Re4 b5 35. Nf5 Rh7 36. g4 f6 37. h4 Rd7 38. Nd4 Rd6 39. Ne6+ Kc8 40.
Nxc7 Rd2+ 41. Kf3 Kxc7 42. Re2 Rd3+ 43. Ke4 a5 44. Kf5 c5 45. g5 fxg5 46. hxg5
b4 47. cxb4 cxb4 48. axb4 axb4 49. g6 c3 50. bxc3 bxc3 51. g7 Rg3 52. Kf6 1-0

[Event "7. Open Galapagar 2006"]
[Site "Galapagar ESP"]
[Date "2006.07.26"]
[Round "5.21"]
[White "Aziz Ortego, Omar Luis"]
[Black "Julian Sierra, Rogelio"]
[Result "1-0"]
[WhiteElo "2082"]
[BlackElo "1975"]
[PlyCount "79"]
[EventDate "2006.07.22"]
[EventType "swiss"]
[EventRounds "9"]
[EventCountry "ESP"]
[Source "lmi"]
[SourceDate "2006.07.30"]

1. d4 g6 2. c4 Bg7 3. g3 c5 4. d5 d6 5. Bg2 Nf6 6. Nf3 Na6 7. O-O Nc7 8. Nc3
O-O 9. h3 Rb8 10. a4 a6 11. a5 b5 12. axb6 Rxb6 13. Re1 e6 14. e4 e5 15. Ra2
Bd7 16. Be3 Qe7 17. Qd2 Rfb8 18. Rea1 Qf8 19. Ne1 Nh5 20. Nd3 f5 21. Qc1 Nf6
22. b4 fxe4 23. bxc5 Rb3 24. cxd6 Ncxd5 25. Nxd5 exd3 26. Ne7+ Kh8 27. Ra3 e4
28. Kh2 Ne8 29. c5 Bxa1 30. Qxa1+ Nf6 31. Rxb3 Rxb3 32. Bxe4 d2 33. Bd4 Kg7 34.
g4 Rxh3+ 35. Kg2 Bxg4 36. f3 Kf7 37. Bxf6 Qh6 38. Bd5+ Kf8 39. fxg4 Rh1 40.
Nxg6+ 1-0

[Event "7. Open Galapagar 2006"]
[Site "Galapagar ESP"]
[Date "2006.07.26"]
[Round "5.22"]
[White "Martin Hernandez, Francisco"]
[Black "Sanchez Gonzalez, Sergio"]
[Result "1-0"]
[WhiteElo "1697"]
[BlackElo "2062"]
[PlyCount "46"]
[EventDate "2006.07.22"]
[EventType "swiss"]
[EventRounds "9"]
[EventCountry "ESP"]
[Source "lmi"]
[SourceDate "2006.07.30"]

1. c4 Nf6 2. Nc3 e6 3. Nf3 Bb4 4. g3 O-O 5. Bg2 d5 6. cxd5 exd5 7. O-O d4 8. a3
Be7 9. Na2 c5 10. d3 Nc6 11. Bd2 Be6 12. Nc1 Rc8 13. Ng5 Bd5 14. Bh3 Nd7 15.
Ne4 f5 16. Nxc5 Nxc5 17. b4 Nd7 18. Nb3 a6 19. Rc1 Qe8 20. e4 dxe3 21. fxe3
Nce5 22. Rxc8 Qxc8 23. e4 fxe4 1-0

[Event "7. Open Galapagar 2006"]
[Site "Galapagar ESP"]
[Date "2006.07.26"]
[Round "5.23"]
[White "Mansilla Tolosa, Luis Eduardo"]
[Black "Cobelas Rodriguez, Pilar"]
[Result "1/2-1/2"]
[WhiteElo "2049"]
[BlackElo "1975"]
[PlyCount "91"]
[EventDate "2006.07.22"]
[EventType "swiss"]
[EventRounds "9"]
[EventCountry "ESP"]
[Source "lmi"]
[SourceDate "2006.07.30"]

1. d4 f5 2. c4 Nf6 3. Nc3 c6 4. Bg5 e6 5. a3 Be7 6. Nf3 O-O 7. e3 Na6 8. Bd3
Nc7 9. O-O d6 10. Qc2 g6 11. Bh6 Re8 12. e4 Ng4 13. Bd2 fxe4 14. Bxe4 Kg7 15.
Ne2 Nf6 16. Bd3 Rg8 17. Rfe1 Kh8 18. Ng5 Qf8 19. Nf4 Ng4 20. Nf3 Bf6 21. h3 Nh6
22. Re2 Nf7 23. Rae1 e5 24. dxe5 Nxe5 25. Be4 Qg7 26. Nxe5 dxe5 27. Nd3 Ne6 28.
Bc3 Nd4 29. Bxd4 exd4 30. b4 Bd7 31. Nc5 b6 32. Nxd7 Qxd7 33. Bxc6 Qxc6 34. Re6
Qd7 35. Rxf6 Rge8 36. Rd1 Rad8 37. Rf3 Qg7 38. Rfd3 Re4 39. c5 Qe5 40. cxb6
axb6 41. Qc6 Re1+ 42. Rxe1 Qxe1+ 43. Kh2 Qxf2 44. Rf3 Qh4 45. Qf6+ Qxf6 46.
Rxf6 1/2-1/2